[Event "Zabrzanski Wrzesien op"]
[Site "Zabrzanski Wrzesien"]
[Date "1994.??.??"]
[Round "?"]
[White "Masternak, Grzegorz"]
[Black "Goj, Artur"]
[Result "0-1"]
[WhiteElo "2345"]
[BlackElo "2295"]
[PlyCount "106"]
[EventDate "1994.??.??"]
[EventType "swiss"]
[EventRounds "9"]
[EventCountry "POL"]
[SourceTitle "EXT 1999"]
[Source "ChessBase"]
[SourceDate "1998.11.16"]
[SourceVersion "1"]
[SourceVersionDate "1998.11.16"]
[SourceQuality "1"]

1. e4 c5 2. Nc3 Nc6 3. f4 g6 4. Nf3 Bg7 5. Bc4 d6 6. 0-0 e6 7. d3 Nge7 8. Qe1 Nd4 9. Nxd4 cxd4 10. Ne2 0-0 11. Ng3 d5 12. Bb3 dxe4 13. dxe4 Bd7 14. Bc4 Qb6 15. Bd3 Bb5 16. b3 Qa6 17. Qe2 Rac8 18. Bb2 e5 19. fxe5 Bxe5 20. Rf2 Rc7 21. Qf3 Nc6 22. Rd2 Rfc8 23. Ne2 Bg7 24. Nf4 Bh6 25. g3 Ne5 26. Qe2 Qa5 27. Rad1 Rd8 28. Kg2 Bxd3 29. cxd3 Bg5 30. h3 h5 31. Rc2 Rxc2 32. Qxc2 h4 33. Ne2 Nc6 34. a3 a6 35. Rh1 hxg3 36. Nxg3 Rd7 37. b4 Qe5 38. Bc1 Be3 39. Bd2 Qg5 40. Be1 Rd6 41. Qe2 Ne5 42. Rf1 Bf4 43. a4 Rf6 44. b5 axb5 45. axb5 b6 46. Bf2 Bxg3 47. Bxg3 Rxf1 48. Qxf1 Qd2+ 49. Kg1 Nxd3 50. Bc7 Qg5+ 51. Kh1 Qxb5 52. Bxb6 Qxb6 53. Qxd3 Qb2 0-1

[Event "POL-chT 50th"]
[Site "Lubniewice"]
[Date "1994.??.??"]
[Round "1"]
[White "Murawski, Grzegorz"]
[Black "Goj, Artur"]
[Result "0-1"]
[WhiteElo "2210"]
[BlackElo "2295"]
[PlyCount "90"]
[EventDate "1994.09.22"]
[EventType "team-tourn"]
[EventRounds "11"]
[EventCountry "POL"]
[SourceTitle "EXT 2019"]
[Source "ChessBase"]
[SourceDate "2018.10.10"]
[SourceVersion "1"]
[SourceVersionDate "2018.10.10"]
[SourceQuality "1"]
[WhiteTeam "Jasien LKS ZPD"]
[BlackTeam "Swietochlowice Slask"]
[WhiteTeamCountry "POL"]
[BlackTeamCountry "POL"]

1. e4 c5 2. Nf3 e6 3. d4 cxd4 4. Nxd4 a6 5. Nc3 Qc7 6. g3 Bb4 7. Nde2 Nf6 8. Bg2 Be7 9. 0-0 Nc6 10. h3 0-0 11. Be3 Rb8 12. f4 d6 13. g4 Re8 14. Ng3 b5 15. Qf3 Bb7 16. Rad1 Nd7 17. g5 Na5 18. Bd4 Nc6 19. Bf2 Nc5 20. Qg4 g6 21. h4 b4 22. Nce2 Bf8 23. h5 a5 24. Qh4 Na4 25. b3 Nc3 26. Nxc3 bxc3 27. a3 Ne7 28. Kh2 d5 29. Bd4 Bg7 30. e5 Nc6 31. Bxc3 Na7 32. Bd4 Nb5 33. c3 Nxa3 34. Rh1 Nb5 35. Kg1 Nxd4 36. hxg6 Nf3+ 37. Bxf3 hxg6 38. Qh7+ Kf8 39. Ne2 Ba6 40. c4 dxc4 41. bxc4 Bxc4 42. Ng3 Qc5+ 43. Kh2 Qf2+ 44. Bg2 Rb2 45. Rhg1 Qxf4 0-1